Antigüedad clásica y cristianismo

Uloženo v:
Podrobná bibliografie
Hlavní autor: Rodríguez Herrera, Isidoro (Autor)
Médium: Kniha
Jazyk:španělština
Vydáno: Salamanca Universidad Pontificia de Salamanca: Biblioteca de la Caja de Ahorro y M. de P 1983
Edice:Bibliotheca Salmanticensis. Estudios, 64
Témata:
Tagy: Přidat tag
Žádné tagy, Buďte první, kdo vytvoří štítek k tomuto záznamu!

MARC

LEADER 00000nam a2200000 a 4500
001 UCX5078
003 CL-VaPUC
008 920908e19830000SP |||||||||||||||||spa|d
082 0 4 |a 270.1  |b ROD  |2 21 
100 0 |a Rodríguez Herrera, Isidoro  |e author  |9 321401 
245 1 0 |a Antigüedad clásica y cristianismo 
300 |a 552 p 
942 |c BK 
945 |d 19920908 00:00:00 
260 |a Salamanca  |b Universidad Pontificia de Salamanca: Biblioteca de la Caja de Ahorro y M. de P  |c 1983 
650 0 |a Biblia  |9 257603 
650 0 |a Análisis del discurso  |9 256696 
650 0 |a Historia de la iglesia   |9 257565 
650 0 |a Filología clásica   |9 269285 
650 0 |a Franciscanos   |9 267404 
583 |a last modification  |c 20170628 11:56:42  |k Rodrigo Vera 
490 0 |a Bibliotheca Salmanticensis. Estudios, 64 
999 |c 225423  |d 225421 
952 |0 0  |1 0  |4 0  |6 270_100000000000000_ROD_1983  |7 0  |8 P  |9 222923  |a BIBEDU  |b BIBEDU  |c BIBEDU_PB  |d 2019-11-15  |i 2917181  |o 270.1 ROD 1983  |p 2917181  |r 2024-01-25  |w 2019-11-15  |y BK  |k FIL